| 000 | 01074nam a2200205 i 4500 | ||
|---|---|---|---|
| 001 | 126749 | ||
| 003 | ES-MaACL | ||
| 005 | 20250830234019.0 | ||
| 007 | t| | ||
| 008 | 070214s1916 mx r ||||1| spa d | ||
| 245 | 0 | 3 |
_aLa revolución constitucionalista, los Estados Unidos y el "A. B. C." : _brecopilación de documentos y artículos notables referentes a la intromisión de elementos extranjeros en los asuntos interiores de México y a la patriótica actitud asumida por el C. primer jefe Venustiano Carranza / _creconocimiento del gobierno constitucionalista por las naciones de Europa, Asia y América ; Los últimos incidentes internacionales. |
| 260 |
_aMéxico : _b[s.n.], _c1916 ( _fTall. de `Revista de Revistas`) |
||
| 300 |
_a301 p., 1 lám. ; _c22 cm. |
||
| 600 | 1 | 4 |
_aAlducín, Rafael. _9159528 |
| 651 |
_aMéxico- _xHistoria- _y1910-1917, Revolución armada. _9151495 |
||
| 651 | 4 |
_aMéxico- _xRelaciones- _zEstados Unidos. _99074 |
|
| 651 | 4 |
_aEstados Unidos- _xRelaciones- _zMéxico _98565 |
|
| 852 |
_aES-MaACL _jG-1866 |
||
| 999 |
_c126749 _d126749 |
||